Directory of Japan specialists and Japanese studies institutions in the United States and Canada (Record no. 2398)
[ view plain ]
| 000 -LEADER | |
|---|---|
| fixed length control field | 00708nam a2200181Ia 4500 |
| 020 ## - INTERNATIONAL STANDARD BOOK NUMBER | |
| ISBN | 0-924304-22-7 |
| 082 ## - DEWEY DECIMAL CLASSIFICATION NUMBER | |
| Classification number | RR 952.002573 JAP; |
| 245 #0 - TITLE STATEMENT | |
| Title | Directory of Japan specialists and Japanese studies institutions in the United States and Canada |
| 260 ## - PUBLICATION, DISTRIBUTION, ETC. (IMPRINT) | |
| Place of publication | Tokyo |
| Name of publisher | Japan Foundation |
| Year of publication | 1995 |
| 300 ## - PHYSICAL DESCRIPTION | |
| Number of Pages | 3v. |
| 440 ## - SERIES STATEMENT/ADDED ENTRY--TITLE | |
| Title | Japanese studies series; 24. |
| 500 ## - GENERAL NOTE | |
| General note | Contents:Vol.1. (xiii,667p.) Japan Special Lists: Vol.2.(iii,637p.) Institutions: Vol.3.(iii,475p.) Indexes |
| 504 ## - BIBLIOGRAPHY, ETC. NOTE | |
| Bibliography, etc | Includes index |
| 650 ## - SUBJECT ADDED ENTRY--TOPICAL TERM | |
| Topical Term | Japan nologists - Directories - United States |
| 650 ## - SUBJECT ADDED ENTRY--TOPICAL TERM | |
| Topical Term | Research institutes - Directories - United States |
| 650 ## - SUBJECT ADDED ENTRY--TOPICAL TERM | |
| Topical Term | Japan - Study and teaching - United States |
| 942 ## - ADDED ENTRY ELEMENTS (KOHA) | |
| Koha item type | Books |
| Source of classification or shelving scheme | Dewey Decimal Classification |
| Withdrawn status | Lost status | Damaged status | Not for loan | Home library | Current library | Date acquired | Serial Enumeration / chronology | Bill Date | Full call number | Accession Number | Price effective from | Koha item type |
|---|---|---|---|---|---|---|---|---|---|---|---|---|
| NASSDOC Library | NASSDOC Library | 08/06/2004 | V.1(Ref.) | 2004-10-05 | RR 952.002573 JAP; | 37331 | 18/04/2019 | Books | ||||
| NASSDOC Library | NASSDOC Library | 08/06/2004 | V.2(Ref.) | 2004-10-05 | RR 952.002573 JAP; | 37332 | 18/04/2019 | Books | ||||
| NASSDOC Library | NASSDOC Library | 08/06/2004 | V.3(Ref.) | 2004-10-05 | RR 952.002573 JAP; | 37333 | 18/04/2019 | Books |
